The economics of the common market

Bewaard in:
Bibliografische gegevens
Hoofdauteur: Swann, D.
Formaat: Boek
Taal:Undetermined
Gepubliceerd in: London Penguin Books 1970
Onderwerpen:
Tags: Voeg label toe
Geen labels, Wees de eerste die dit record labelt!
Thư viện lưu trữ: Trung tâm Học liệu Trường Đại học Cần Thơ
LEADER 00477nam a2200181Ia 4500
001 CTU_82335
008 210402s9999 xx 000 0 und d
082 |a 330.9 
082 |b S972 
100 |a Swann, D. 
245 4 |a The economics of the common market 
245 0 |c D. Swann 
260 |a London 
260 |b Penguin Books 
260 |c 1970 
650 |a European economic community 
904 |i Trọng Hải 
980 |a Trung tâm Học liệu Trường Đại học Cần Thơ